<?xml version="1.0" encoding="UTF-8"?>
<record
    xmlns:xsi="http://www.w3.org/2001/XMLSchema-instance"
    xsi:schemaLocation="http://www.loc.gov/MARC21/slim http://www.loc.gov/standards/marcxml/schema/MARC21slim.xsd"
    xmlns="http://www.loc.gov/MARC21/slim">

  <leader>00957nam a2200193 a 4500</leader>
  <controlfield tag="008">110331s2009    ||||||||||||||||| ||    u</controlfield>
  <datafield tag="020" ind1=" " ind2=" ">
    <subfield code="a">9788993841039</subfield>
  </datafield>
  <datafield tag="050" ind1=" " ind2=" ">
    <subfield code="a">G 2330 Nat</subfield>
  </datafield>
  <datafield tag="110" ind1=" " ind2=" ">
    <subfield code="a">National Geographic Information Institute, Ministry of Land, Transport and Maritime affairs</subfield>
  </datafield>
  <datafield tag="245" ind1="1" ind2="4">
    <subfield code="a">The national atlas of Korea</subfield>
    <subfield code="c">National Geographic Information Institute, Ministry of Land, Transport and Maritime affairs</subfield>
  </datafield>
  <datafield tag="260" ind1=" " ind2=" ">
    <subfield code="a">Gyeonggi-Do, The Republic of Korea</subfield>
    <subfield code="b">National Geographic Information Institute (NGII)</subfield>
    <subfield code="c">2009</subfield>
  </datafield>
  <datafield tag="300" ind1=" " ind2=" ">
    <subfield code="a">[vi], 192p.: ill.</subfield>
  </datafield>
  <datafield tag="350" ind1=" " ind2=" ">
    <subfield code="a">0.00</subfield>
  </datafield>
  <datafield tag="650" ind1=" " ind2=" ">
    <subfield code="a">ATLASES, KOREAN</subfield>
  </datafield>
  <datafield tag="650" ind1=" " ind2=" ">
    <subfield code="a">KOREA--MPS</subfield>
  </datafield>
  <datafield tag="650" ind1=" " ind2=" ">
    <subfield code="a">ATLASES</subfield>
  </datafield>
  <datafield tag="995" ind1=" " ind2=" ">
    <subfield code="a">REFERENCE BOOKS</subfield>
    <subfield code="D">0.00</subfield>
    <subfield code="e">742531</subfield>
    <subfield code="F">CBU-MAIN LIBRARY (Kitwe)</subfield>
    <subfield code="H">1</subfield>
    <subfield code="I">0.00</subfield>
    <subfield code="j">G 2330 NAT</subfield>
    <subfield code="M">1</subfield>
    <subfield code="U">REFERENCE</subfield>
    <subfield code="W">Jul 12, 2011</subfield>
    <subfield code="y">742531</subfield>
    <subfield code="Z">Reference Collection</subfield>
  </datafield>
  <datafield tag="995" ind1=" " ind2=" ">
    <subfield code="a">REFERENCE BOOKS</subfield>
    <subfield code="D">0.00</subfield>
    <subfield code="e">742532</subfield>
    <subfield code="F">CBU-MAIN LIBRARY (Kitwe)</subfield>
    <subfield code="H">1</subfield>
    <subfield code="I">0.00</subfield>
    <subfield code="j">G 2330 NAT</subfield>
    <subfield code="M">2</subfield>
    <subfield code="U">REFERENCE</subfield>
    <subfield code="W">Jul 12, 2011</subfield>
    <subfield code="y">742532</subfield>
    <subfield code="Z">Reference Collection</subfield>
  </datafield>
  <datafield tag="999" ind1=" " ind2=" ">
    <subfield code="c">78703</subfield>
    <subfield code="d">78703</subfield>
  </datafield>
  <datafield tag="952" ind1=" " ind2=" ">
    <subfield code="0">0</subfield>
    <subfield code="1">0</subfield>
    <subfield code="2">lcc</subfield>
    <subfield code="4">0</subfield>
    <subfield code="7">0</subfield>
    <subfield code="a">001</subfield>
    <subfield code="b">001</subfield>
    <subfield code="c">Reference Collection</subfield>
    <subfield code="d">2023-06-06</subfield>
    <subfield code="l">0</subfield>
    <subfield code="o">G 2330 Nat</subfield>
    <subfield code="p">742531</subfield>
    <subfield code="r">2023-06-06</subfield>
    <subfield code="t">1</subfield>
    <subfield code="w">2023-06-06</subfield>
    <subfield code="y">019</subfield>
  </datafield>
  <datafield tag="952" ind1=" " ind2=" ">
    <subfield code="0">0</subfield>
    <subfield code="1">0</subfield>
    <subfield code="2">lcc</subfield>
    <subfield code="4">0</subfield>
    <subfield code="7">0</subfield>
    <subfield code="a">001</subfield>
    <subfield code="b">001</subfield>
    <subfield code="c">Reference Collection</subfield>
    <subfield code="d">2023-06-06</subfield>
    <subfield code="l">0</subfield>
    <subfield code="o">G 2330 Nat</subfield>
    <subfield code="p">742532</subfield>
    <subfield code="r">2023-06-06</subfield>
    <subfield code="t">2</subfield>
    <subfield code="w">2023-06-06</subfield>
    <subfield code="y">019</subfield>
  </datafield>
</record>
